| 000 | 00828cam a2200241 a 4500 | ||
|---|---|---|---|
| 001 | 85365 | ||
| 003 | BD-RjUL | ||
| 005 | 20250729160627.0 | ||
| 008 | 090930s2010 inub b 000 0 eng | ||
| 035 | _a(BD-RjUL)85365 | ||
| 040 |
_aDLC _cDLC _dUKM _dRBN _dCDX _dC#P _dYDXCP _dBWX _dDLC _beng |
||
| 041 | 1 |
_aeng _afro _hfro |
|
| 082 | 0 | 0 |
_a841.1 _222 _bMAL 1954 |
| 100 | 0 |
_aMarie, _dactive 12th century. _916338 |
|
| 245 | 1 | 4 |
_alays of Marie de France / _ctranslated, with introduction and commentary, by Eugene Mason |
| 260 |
_aLondon : _bJ.M.Dent., _c1954 |
||
| 300 |
_a217 p. : _c17 cm. |
||
| 500 | _aTranslated from the Old French. | ||
| 504 | _aIncludes bibliographical references. | ||
| 600 | 0 | 0 |
_aMarie, _cde France, _dactive 12th century _916338 |
| 650 | 0 |
_aLays _vTranslations into English. _916339 |
|
| 942 |
_2ddc _cBK |
||
| 999 |
_c85365 _d85365 |
||